| 000 -LEADER |
| fixed length control field |
00685nam a22002057a 4500 |
| 003 - CONTROL NUMBER IDENTIFIER |
| control field |
CISL |
| 005 - DATE AND TIME OF LATEST TRANSACTION |
| control field |
20241111013225.0 |
| 008 - FIXED-LENGTH DATA ELEMENTS--GENERAL INFORMATION |
| fixed length control field |
241111r20232005ii |||g |||| 00| e ben d |
| 020 ## - INTERNATIONAL STANDARD BOOK NUMBER |
| International Standard Book Number |
9788173324819 |
| 040 ## - CATALOGING SOURCE |
| Transcribing agency |
CISL |
| 082 ## - DEWEY DECIMAL CLASSIFICATION NUMBER |
| Classification number |
891.4409 |
| Edition number |
22 |
| Item number |
SHS |
| 100 ## - MAIN ENTRY--PERSONAL NAME |
| Personal name |
শেকসপিয়র, উইলিয়াম ; |
| Relator code |
William Shakespeare. |
| 245 ## - TITLE STATEMENT |
| Title |
শেকসপিয়র রচনা সমগ্র / |
| Statement of responsibility, etc. |
উইলিয়াম শেকসপিয়র |
| 260 ## - PUBLICATION, DISTRIBUTION, ETC. |
| Place of publication, distribution, etc. |
কলকাতা: |
| Name of publisher, distributor, etc. |
পুনশ্চ, |
| Date of publication, distribution, etc. |
[c2005] |
| 300 ## - PHYSICAL DESCRIPTION |
| Extent |
623 p. : |
| Other physical details |
no illus |
| Dimensions |
22 cm. |
| 650 ## - SUBJECT ADDED ENTRY--TOPICAL TERM |
| General subdivision |
Bengali literature |
| 650 ## - SUBJECT ADDED ENTRY--TOPICAL TERM |
| General subdivision |
Essays |
| 650 ## - SUBJECT ADDED ENTRY--TOPICAL TERM |
| Geographic subdivision |
Bangladesh |
| 942 ## - ADDED ENTRY ELEMENTS (KOHA) |
| Source of classification or shelving scheme |
|
| Koha item type |
Books |